Bài tập trắc nghiệm Hóa học 10 THPT
v.v...
Đã lưu trong:
| Tác giả chính: | |
|---|---|
| Định dạng: | Sách |
| Năm xuất bản: |
H.
Đại học sư phạm
2006
|
| Chủ đề: | |
| Tags: |
Thêm thẻ
Không có thẻ, Hãy là người đầu tiên gắn thẻ bản ghi này!
|
| LEADER | 01279nam a2200229 4500 | ||
|---|---|---|---|
| 082 | |a 540.76 |b NG527Đ | ||
| 100 | |a Nguyễn Đình Chi | ||
| 245 | |a Bài tập trắc nghiệm Hóa học 10 THPT |c Nguyễn Đình Chi, Nguyễn Văn Thoại | ||
| 260 | |a H. |b Đại học sư phạm |c 2006 | ||
| 300 | |a 144 tr |c 24 cm | ||
| 520 | |a v.v... | ||
| 653 | |a Hóa học | ||
| 653 | |a Lớp 10 | ||
| 653 | |a Trắc nghiệm | ||
| 653 | |a Giải bài tập | ||
| 942 | |2 ddc |c STK0 | ||
| 999 | |c 7156 |d 7156 | ||
| 952 | |0 0 |1 0 |2 ddc |4 0 |6 540_760000000000000_NG527Đ |7 0 |8 600 |9 66450 |a qbu |b qbu |c D3 |d 2015-01-28 |g 18000 |o 540.76 NG527Đ |p 7094.c1 |r 0000-00-00 |w 2015-01-28 |y STK0 | ||
| 952 | |0 0 |1 0 |2 ddc |4 0 |6 540_760000000000000_NG527Đ |7 0 |8 600 |9 66451 |a qbu |b qbu |c D3 |d 2015-01-28 |g 18000 |o 540.76 NG527Đ |p 7094.c2 |r 0000-00-00 |w 2015-01-28 |y STK0 | ||
| 952 | |0 0 |1 0 |2 ddc |4 0 |6 540_760000000000000_NG527Đ |7 0 |8 600 |9 66452 |a qbu |b qbu |c D3 |d 2015-01-28 |g 18000 |o 540.76 NG527Đ |p 7094.c3 |r 0000-00-00 |w 2015-01-28 |y STK0 | ||
| 952 | |0 0 |1 0 |2 ddc |4 0 |6 540_760000000000000_NG527Đ |7 0 |8 600 |9 66453 |a qbu |b qbu |c D3 |d 2015-01-28 |g 18000 |o 540.76 NG527Đ |p 7094.c4 |r 0000-00-00 |w 2015-01-28 |y STK0 | ||
| 952 | |0 0 |1 0 |2 ddc |4 0 |6 540_760000000000000_NG527Đ |7 0 |8 600 |9 66454 |a qbu |b qbu |c D3 |d 2015-01-28 |g 18000 |o 540.76 NG527Đ |p 7094.c5 |r 0000-00-00 |w 2015-01-28 |y STK0 | ||